[Event "Rudinei da sauna guei"]
[Site "http://www.queenalice.com/game.php?id=27534"]
[Date "2005.9.6"]
[Round "-"]
[White "Keldon"]
[Black "ograum"]
[Result "1-0"]
[WhiteElo "1457"]
[BlackElo "911"]

1. e4 d5 2. e5 f6 3. d4 Nc6 4. Bb5 Bd7 5. Nc3 Nb4 6. a3 e6 7. axb4 Bxb4 8. Bd2
Bxc3 9. Bxd7+ Qxd7 10. Bxc3 b5 11. Nf3 Ne7 12. O-O fxe5 13. Nxe5 Qd6 14. Qf3 Rf8
15. Qh5+ g6 16. Qxh7 c5 17. Nxg6 Rf7 18. Qh8+ Kd7 19. Qxa8 Rh7 20. Nf8+ Kc7 21.
Nxh7 Nf5 22. Qxa7+ Kc6 23. Ra6# 1-0

[Event "Rudinei da sauna guei 2"]
[Site "http://www.queenalice.com/game.php?id=27535"]
[Date "2005.9.6"]
[Round "-"]
[White "ograum"]
[Black "Keldon"]
[Result "0-1"]
[WhiteElo "905"]
[BlackElo "1494"]

1. Nc3 e5 2. d4 d6 3. Nf3 Nc6 4. Ng5 h6 5. Nd5 hxg5 6. h4 gxh4 7. e3 Nf6 8.
Nxf6+ Qxf6 9. Bb5 Bd7 10. Bxc6 Bxc6 11. f3 Qe6 12. g4 h3 13. Bd2 Qf6 14. dxe5
dxe5 15. Qe2 Qh4+ 16. Qf2 Bxf3 17. Rf1 Bg2 18. Rg1 h2 19. Rxg2 h1=Q+ 20. Rg1
Qxf2+ 21. Kxf2 Qh2+ 22. Rg2 Qh4+ 23. Rg3 Bd6 24. Rg1 e4 25. c4 Bxg3+ 26. Rxg3
Qh2+ 27. Rg2 Qh1 28. b4 Rd8 29. Bc3 Rd3 0-1

[Event "AUTO-OPEN-139"]
[Site "http://www.queenalice.com/game.php?id=27591"]
[Date "2005.9.7"]
[Round "1"]
[White "Keldon"]
[Black "stamm"]
[Result "0-1"]
[WhiteElo "1481"]
[BlackElo "1466"]

1. e4 e5 2. Nf3 Bd6 3. Nc3 Nf6 4. d3 O-O 5. Bg5 Nc6 6. d4 exd4 7. Nxd4 Nxd4 8.
Qxd4 h6 9. Bxf6 Qxf6 10. Qxf6 gxf6 11. Bc4 Bb4 12. O-O c6 13. a3 Bd6 14. Rad1
Be5 15. Ne2 Bxb2 16. a4 Re8 17. Ng3 a6 18. Nf5 d5 19. Rb1 Rxe4 20. Ne3 dxc4 21.
Rxb2 c3 22. Rb3 Rxa4 23. Rxc3 Be6 24. h3 f5 25. Rd1 Kf8 26. Rb1 f4 27. Ng4 Kg7
28. Rcb3 Bxb3 29. Rxb3 b5 30. g3 Re8 0-1

[Event "AUTO-OPEN-139"]
[Site "http://www.queenalice.com/game.php?id=27614"]
[Date "2005.9.7"]
[Round "1"]
[White "Keldon"]
[Black "Mieke"]
[Result "0-1"]
[WhiteElo "1487"]
[BlackElo "2179"]

1. e4 c5 2. c4 Nc6 3. Nf3 e5 4. d3 Nf6 5. Be2 d6 6. Bg5 Be7 7. h3 O-O 8. O-O h6
9. Bxf6 Bxf6 10. Nc3 Be6 11. a4 Bh4 12. b3 f5 13. Nxh4 Qxh4 14. a5 fxe4 15. dxe4
Nd4 16. Nb5 Rf6 17. Nc7 Rg6 18. g3 Bxh3 19. Re1 Rxg3+ 0-1

[Event "AUTO-OPEN-139"]
[Site "http://www.queenalice.com/game.php?id=27615"]
[Date "2005.9.7"]
[Round "1"]
[White "Mieke"]
[Black "Keldon"]
[Result "1-0"]
[WhiteElo "2180"]
[BlackElo "1487"]

1. d4 d5 2. Nf3 Nc6 3. Nc3 Nf6 4. e3 Bg4 5. Bd3 h6 6. O-O Bxf3 7. Qxf3 e5 8. Bb5
a6 9. Bxc6+ bxc6 10. dxe5 Nd7 11. Qg3 f6 12. e6 Ne5 13. f4 Nc4 14. Qg6+ Ke7 15.
Qf7+ Kd6 16. Ne4+ dxe4 17. Rd1+ Kc5 18. Rxd8 Rxd8 19. e7 1-0

[Event "AUTO-ADV-94"]
[Site "http://www.queenalice.com/game.php?id=34415"]
[Date "2005.10.22"]
[Round "1"]
[White "Kritikos"]
[Black "Keldon"]
[Result "0-1"]
[WhiteElo "1538"]
[BlackElo "1486"]

1. d4 d5 2. c4 c6 3. Nc3 Nf6 4. Nf3 Bg4 5. Bg5 Bxf3 6. exf3 e6 7. cxd5 cxd5 8.
Bb5+ Nc6 9. Qa4 Rc8 10. O-O Be7 11. Bxc6+ bxc6 12. Rfe1 Qd7 13. Qc2 h6 14. Bxf6
Bxf6 15. Re3 Bxd4 16. Re2 Bxc3 17. Qxc3 d4 18. Qd3 c5 19. b3 O-O 20. a4 a5 21.
h3 Rc6 22. Rc1 Rb8 23. g3 Qd5 24. Kg2 Rxb3 25. Qd2 Qxf3+ 26. Kf1 Rd3 0-1

[Event "AUTO-ADV-94"]
[Site "http://www.queenalice.com/game.php?id=34416"]
[Date "2005.10.22"]
[Round "1"]
[White "Keldon"]
[Black "Kritikos"]
[Result "0-1"]
[WhiteElo "1501"]
[BlackElo "1527"]

1. e4 e5 2. Nf3 d6 3. Nc3 Bg4 4. Be2 Nc6 5. d4 Bxf3 6. Bxf3 exd4 7. Nd5 Nf6 8.
Bg5 Be7 9. O-O O-O 10. Re1 Ne5 11. Qxd4 Nxf3+ 12. gxf3 Nxd5 13. Qxd5 Bxg5 14. c4
Bf4 15. Qxb7 Rb8 16. Qxa7 Qg5+ 17. Kf1 Qh4 18. Kg1 Qxh2+ 19. Kf1 Qh3+ 20. Ke2
Rxb2+ 21. Kd3 Qxf3+ 22. Re3 Qxf2 23. Rd1 Qc2+ 24. Kd4 Qxd1+ 25. Rd3 Be5+ 26. Ke3
Qe2# 0-1

[Event "AUTO-ADV-94"]
[Site "http://www.queenalice.com/game.php?id=34429"]
[Date "2005.10.22"]
[Round "1"]
[White "gniark"]
[Black "Keldon"]
[Result "1-0"]
[WhiteElo "1758"]
[BlackElo "1507"]

1. d4 d5 2. c4 dxc4 3. Nf3 f6 4. e3 Nc6 5. Bxc4 Bg4 6. Nbd2 Nh6 7. h3 Bxf3 8.
Nxf3 e5 9. Bb5 Bb4+ 10. Bd2 Bxd2+ 11. Qxd2 a6 12. Bxc6+ bxc6 13. dxe5 Qxd2+ 14.
Kxd2 O-O 15. exf6 gxf6 16. Ke2 Rfd8 17. Rad1 Rab8 18. Rxd8+ Rxd8 19. Rc1 Rd6 20.
Nd4 a5 21. Nxc6 a4 22. Ne7+ Kf8 23. Rxc7 Re6 24. Nd5 Rd6 25. Nc3 Ra6 26. a3 Ke8
27. Rxh7 Nf7 28. Rh4 1-0

[Event "AUTO-ADV-94"]
[Site "http://www.queenalice.com/game.php?id=34430"]
[Date "2005.10.22"]
[Round "1"]
[White "Keldon"]
[Black "gniark"]
[Result "1-0"]
[WhiteElo "1494"]
[BlackElo "1754"]

1. e4 e6 2. d4 d5 3. e5 c5 4. c3 Nc6 5. Nf3 Qb6 6. Qa4 cxd4 7. cxd4 Bd7 8. Bb5
a6 9. Bxc6 Bxc6 10. Qb3 Bb4+ 11. Bd2 Bxd2+ 12. Nfxd2 Qxd4 13. Nf3 Qe4+ 14. Qe3
Qxe3+ 15. fxe3 Bb5 16. Nc3 Rc8 17. Rc1 Bd3 18. Rd1 Be4 19. O-O Ne7 20. Nxe4 dxe4
21. Ng5 Rc5 22. Rc1 Rxe5 23. Nxf7 1-0

[Event "AUTO-ADV-94"]
[Site "http://www.queenalice.com/game.php?id=34439"]
[Date "2005.10.22"]
[Round "1"]
[White "Keldon"]
[Black "altair"]
[Result "0-1"]
[WhiteElo "1522"]
[BlackElo "1560"]

1. e4 e5 2. Nf3 d6 3. Nc3 Bg4 4. Be2 Nf6 5. h3 Bh5 6. d3 c6 7. Bg5 h6 8. Bxf6
Qxf6 9. O-O Nd7 10. Nxe5 Nxe5 11. Bxh5 Rd8 12. Re1 Be7 13. a4 O-O 14. d4 Nc4 15.
b3 Nb6 16. e5 dxe5 17. Re4 Bc5 18. Rxe5 Bxd4 19. Ne4 Qxe5 0-1

[Event "AUTO-ADV-94"]
[Site "http://www.queenalice.com/game.php?id=34440"]
[Date "2005.10.22"]
[Round "1"]
[White "altair"]
[Black "Keldon"]
[Result "1-0"]
[WhiteElo "1590"]
[BlackElo "1518"]

1. e4 e5 2. Nf3 Nc6 3. Bb5 Nf6 4. Bxc6 dxc6 5. d3 Bg4 6. h3 Bxf3 7. Qxf3 h6 8.
Be3 b5 9. O-O c5 10. Nc3 b4 11. Na4 a5 12. Nxc5 Bxc5 13. Bxc5 Nd7 14. Be3 a4 15.
b3 a3 16. Rac1 O-O 17. Qg4 Nf6 18. Qg3 Nh5 19. Qxe5 Nf6 20. Qg3 Nh5 21. Qe5 Nf6
22. f4 Nd7 23. Qh5 Qf6 24. f5 Rac8 25. Rf4 Qg5 26. Qxg5 hxg5 27. Rg4 f6 28. d4
Rfe8 29. Re1 Re7 30. e5 Nb6 31. e6 Nd5 32. Bd2 Rd8 33. Rc1 Rc8 34. c4 Nc3 35.
Bxc3 bxc3 36. Rxc3 c6 37. b4 Kh7 38. d5 cxd5 39. c5 Ra8 40. Rgg3 Rb8 41. Rg4
Reb7 42. Rb3 Kg8 43. Rd4 Kh7 44. Rxd5 Rxb4 45. Rxb4 Rxb4 46. e7 Rb8 47. Rd8 1-0

[Event "Challenge"]
[Site "http://www.queenalice.com/game.php?id=41710"]
[Date "2005.12.5"]
[Round "-"]
[White "Keldon"]
[Black "raphaelsantana"]
[Result "1-0"]
[WhiteElo "1519"]
[BlackElo "1240"]

1. e4 Nc6 2. d4 Nf6 3. e5 Ne4 4. Nf3 e6 5. Nc3 Bb4 6. Bd2 d5 7. Bb5 Bd7 8. a3
Be7 9. O-O O-O 10. Bxc6 bxc6 11. Qe1 Qb8 12. b4 1-0

[Event "AUTO-ADV-111"]
[Site "http://www.queenalice.com/game.php?id=42032"]
[Date "2005.12.7"]
[Round "1"]
[White "Keldon"]
[Black "tewald"]
[Result "0-1"]
[WhiteElo "1524"]
[BlackElo "1935"]

1. e4 e5 2. Nf3 Nc6 3. d4 exd4 4. Nxd4 Bc5 5. Nxc6 bxc6 6. Bc4 Qf6 7. O-O Ne7 8.
a3 O-O 9. Nc3 a6 10. Re1 Bxf2+ 11. Kf1 Bxe1+ 12. Kxe1 Qh4+ 13. g3 Qxh2 14. g4
Qg1+ 15. Bf1 d6 16. Qf3 Bxg4 17. Qf2 Qxf2+ 18. Kxf2 d5 19. e5 Rfe8 20. Kg3 Bf5
21. Bh3 Bxc2 22. e6 Bf5 23. exf7+ Kxf7 24. Kf4 Bxh3 25. Be3 c5 26. Bxc5 c6 27.
Ke5 Rab8 28. Rb1 g6 29. Rh1 Nf5+ 30. Kf4 Bg2 31. Rh2 Be4 32. Rxh7+ Kf6 33. Kg4
Rxb2 0-1

[Event "AUTO-ADV-111"]
[Site "http://www.queenalice.com/game.php?id=42033"]
[Date "2005.12.7"]
[Round "1"]
[White "tewald"]
[Black "Keldon"]
[Result "1-0"]
[WhiteElo "1937"]
[BlackElo "1522"]

1. d4 d5 2. c4 e6 3. Nc3 Bb4 4. cxd5 Bxc3+ 5. bxc3 exd5 6. Nf3 h6 7. e3 Bg4 8.
Be2 Nf6 9. O-O O-O 10. h3 Bxf3 11. Bxf3 c6 12. a4 b5 13. axb5 cxb5 14. Qb3 a6
15. Be2 Nc6 16. g3 Ne4 17. Bf3 Nf6 18. Kh2 h5 19. Ba3 Re8 20. Bc5 Na5 21. Qa2
Nc4 22. Rfd1 g6 23. Re1 Nd7 24. Bxd5 Rc8 25. Bxc4 bxc4 26. Qxc4 Qf6 27. Kg2 Nxc5
28. dxc5 Ra8 29. c6 Rec8 30. Rxa6 Rxa6 31. Qxa6 Rxc6 32. Qa8+ Kg7 33. Rc1 Rxc3
34. Rxc3 1-0

[Event "AUTO-ADV-111"]
[Site "http://www.queenalice.com/game.php?id=42036"]
[Date "2005.12.7"]
[Round "1"]
[White "Keldon"]
[Black "Soncini"]
[Result "0-1"]
[WhiteElo "1505"]
[BlackElo "1886"]

1. e4 e6 2. e5 d5 3. d4 c5 4. c3 Nc6 5. Bb5 Qb6 6. Bxc6+ bxc6 7. Nf3 cxd4 8.
cxd4 Ba6 9. Nc3 Bb4 10. Bd2 Ne7 11. a3 Bxc3 12. Bxc3 O-O 13. Bb4 Rfe8 14. Qd2
Bc4 15. Ba5 Qb7 16. Rb1 Qb5 17. b4 Qa4 18. Ra1 Qb3 19. h3 f6 20. Qe3 Qxe3+ 21.
fxe3 Ng6 22. Rd1 fxe5 23. Bc7 e4 0-1

[Event "AUTO-ADV-111"]
[Site "http://www.queenalice.com/game.php?id=42037"]
[Date "2005.12.7"]
[Round "1"]
[White "Soncini"]
[Black "Keldon"]
[Result "1-0"]
[WhiteElo "1880"]
[BlackElo "1520"]

1. d4 d5 2. c4 c6 3. cxd5 cxd5 4. Bf4 Nc6 5. Nf3 Nf6 6. e3 Bg4 7. Qa4 e6 8. Ne5
Rc8 9. Bb5 Bd6 10. Nxc6 bxc6 11. Bxc6+ Ke7 12. O-O Bf5 13. Nc3 Qb6 14. Bxd6+
Kxd6 15. Bb5 Ra8 16. Qa6 Rhb8 17. Qa3+ Kc7 18. Qe7+ Kc8 19. Rac1 Qd8 20. Nxd5+
1-0